Le Cinema des pays nordiques

Gorde:
Xehetasun bibliografikoak
Egile nagusia: Cowie, Peter (Egilea)
Erakunde egilea: Centre Georges Pompidou, Francia (Egilea)
Formatua: Liburua
Hizkuntza:frantsesa
Argitaratua: París Centre Georges Pompidou 1990
Edizioa:1a. ed
Saila:Cinéma. Pluriel, dirigée par Jean-Loup Passek
Gaiak:
Etiketak: Etiketa erantsi
Etiketarik gabe, Izan zaitez lehena erregistro honi etiketa jartzen!

MARC

LEADER 00000cam a2200000 a 4500
001 UCV9971
003 CL-VaPUC
008 930819e19900000FR |||||||||||||||||fre|d
020 |a 2858505411 
082 0 4 |a 791.43  |b COW  |2 21 
100 0 |a Cowie, Peter  |e author  |9 303967 
110 2 |a Centre Georges Pompidou, Francia  |e author  |9 303968 
245 1 3 |a Le Cinema des pays nordiques 
250 |a 1a. ed 
300 |a 287 p 
942 |c BK 
945 |d 19930819 00:00:00 
260 |a París  |b Centre Georges Pompidou  |c 1990 
500 |a Obra publicada con ocasión de la retrospectiva dedicada al cine de los países nórdicos, realizada por el Centre Georges Pompidou en 1989 
500 |a Incluye tabla sinóptica 1896-1989: cine, política y cultura de los países nórdicos 
500 |a Incluye diccionario de realizadores 
650 0 |a Historia del cine  |9 265166 
651 7 |a PAISES ESCANDINAVOS  |2 CL-VaPUC  |9 268973 
651 0 |a Suecia   |9 268974 
583 |a last modification  |c 20190402 09:40:54  |k Rodrigo Vera 
490 0 |a Cinéma. Pluriel, dirigée par Jean-Loup Passek 
999 |c 215238  |d 215236 
952 |0 0  |1 0  |3 erb  |4 0  |6 791_430000000000000_COW_1990  |7 0  |8 A  |9 199291  |a BIBART  |b BIBART  |i 5475856  |o 791.43 COW 1990  |p 5475856  |r 2025-03-13  |w 2019-11-14  |y BK  |z Catalogado en:20180615  |k ART